It looks like you're offline.
Open Library logo
additional options menu

MARC record from Internet Archive

LEADER: 03650cam 2200709 a 4500
001 ocm54853063
003 OCoLC
005 20110215162256.0
008 040318s2004 nyu b 001 0 eng
010 $a 2004047756
040 $aDLC$beng$cDLC$dOCL$dOCLCQ$dBAKER$dBTCTA$dLVB$dYDXCP$dOCLCG$dTAMCT$dHEBIS$dOCLCQ
020 $a0385512198
020 $a9780385512190
035 $a(OCoLC)54853063
043 $an-us---$ae-fr---
050 00 $aE183.8.F8$bM55 2004
082 00 $a327.73044$222
100 1 $aMiller, John J.,$d1970-
245 10 $aOur oldest enemy :$ba history of America's disastrous relationship with France /$cby John J. Miller & Mark Molesky.
250 $a1st ed.
260 $aNew York :$bDoubleday,$cc2004.
300 $a294 p. ;$c25 cm.
504 $aIncludes bibliographical references and index.
505 0 $aIntroduction: "A War Without Death" -- Old France in the New World -- Revolting Ally -- The First Foreign Subversive -- First in War -- The Long Shadow of Napoleon -- The Next Napoleon -- Decadence and Democracy -- Great War, Poor Peace -- French Resistance -- Fables of the Deconstruction -- Cold War Against America -- The Age of Terror -- Conclusion: The French Decision.
651 0 $aUnited States$xForeign relations$zFrance.
651 0 $aFrance$xForeign relations$zUnited States.
651 6 $aÉtats-Unis$xRelations extérieures$zFrance.
651 6 $aFrance$xRelations extérieures$zÉtats-Unis.
650 07 $aAußenpolitik.$2swd
651 7 $aUSA.$2swd
651 7 $aFrankreich.$2swd
700 1 $aMolesky, Mark.
776 08 $iOnline version:$aMiller, John J., 1970-$tOur oldest enemy.$b1st ed.$dNew York : Doubleday, c2004$w(OCoLC)609411320
856 41 $3Table of contents$uhttp://catdir.loc.gov/catdir/toc/fy053/2004047756.html
856 42 $3Contributor biographical information$uhttp://catdir.loc.gov/catdir/bios/random051/2004047756.html
856 41 $3Sample text$uhttp://catdir.loc.gov/catdir/samples/random051/2004047756.html
856 42 $3Publisher description$uhttp://catdir.loc.gov/catdir/description/random051/2004047756.html
938 $aBaker & Taylor$bBKTY$c24.95$d18.71$i0385512198$n0004358808$sactive
938 $aBaker and Taylor$bBTCP$n2004047756
938 $aYBP Library Services$bYANK$n2052395
952 $a54853063$zDLC$bLIBRARY OF CONGRESS$dURI$hFull$iLCC$kDDC$tContents$u20101217
952 $a134306964$zRBN$bBROWN UNIV$hFull$iLCC$u20100714
952 $a178671888$zPUL$bPRINCETON UNIV$hFull$iLCC$kDDC$u20100707
952 $a183857508$zGXR$bYALE UNIV, LAW SCH LIBR$dURI$hFull$iLCC$u20100724
952 $a190696522$zPAU$bUNIV OF PENNSYLVANIA$hFull$iLCC$kDDC$u20100629
952 $a218205707$zCUY$bUNIV OF CALIFORNIA, BERKELEY$hFull$iLCC$kDDC$u20100729
952 $a242920564$zHLS$bHARVARD UNIV, HARVARD COL LIBR$hFull batch$iLCC$kDDC$u20100719
952 $a268380493$zCUD$bCAMBRIDGE UNIV$hFull$iLCC$kDDC$u20100704
952 $a275929126$zSTF$bSTANFORD UNIV LIBR$dURI$hFull$iLCC$kDDC$u20100718
952 $a373652688$zUBY$bBRIGHAM YOUNG UNIV LIBR$hFull$iLCC$kDDC$qcat$u20100722
952 $a444355540$zRBN$bBROWN UNIV$hFull$iLCC$u20100724
952 $a484446483$zN15$bNEW YORK UNIV, GROUP BATCHLOAD$hFull$iLCC$kDDC$u20100720
952 $a490425120$zTEU$bTEMPLE UNIV$hFull$u20100705
952 $a688819025$zYUS$bYALE UNIV LIBR$hFull$iLCC$kDDC$u20101203
029 1 $aNLGGC$b263203840
029 1 $aNZ1$b8381740
029 1 $aAU@$b000025441141
029 1 $aAU@$b000028570595
029 1 $aHEBIS$b124155057
029 1 $aGEBAY$b7358946
994 $aZ0$bPMR
948 $hNO HOLDINGS IN PMR - 710 OTHER HOLDINGS